|
003 -Nazwa inst., której nr kontr. jest w polu 001 [,]
|
-
- @
- Nazwa instytucji, której n kontrolny jest w polu 001
- NUKAT
|
|
005 -DATA I CZAS OSTATNIEJ MODYFIKACJI [,]
|
-
- @
- pole kontrolne
- 20241231101304.0
|
|
020 -Międzynarod. znormalizowany nr książki - ISBN [ , ]
|
-
- a
- Numer ISBN
- 9788382237627
|
|
040 -Instytucja sporządzająca opis [ , ]
|
-
- a
- Instytucja, która sporządziła opis (NP)
- TARN 010/DO
-
- b
- Język katalogowania
- pol
-
- e
- Zasady katalogowania
- rda
-
- c
- Instytucja, która sporządziła rekord (NP)
- TARN 010/DO
-
- d
- Instytucja, która zmodyfikowała rekord (P)
- TARN 010/JP
-
- d
- Instytucja, która zmodyfikowała rekord (P)
- WA M/ES
-
- d
- Instytucja, która zmodyfikowała rekord (P)
- KR 048/PK
|
|
942 -Rodzaj dokumentu [ , ]
|
-
- c
- Rodzaj dokumentu
- Książka
|
|
245 -Strefa tytułu i oznaczenia odpowiedzialności [0,0]
|
-
- a
- Tytuł
- Media w erze cyfrowej :
-
- b
- Ciąg dalszy tytułu (NP)
- wyzwania i zagrożenia /
-
- c
- Pozostałe elementy strefy tytułu i oznaczenia odpowiedzialności (NP)
- redakcja naukowa Katarzyna Chałubińska-Jentkiewicz, Monika Nowikowska, Krzysztof Wąsowski ; autorzy Otylia Bieniek, Katarzyna Chałubińska-Jentkiewicz, Maciej Ciesielski, Piotr Dela, Mirosław Karpiuk, Karol Kościński, Monika Nowikowska, Filip Radoniewicz, Jacek Sobczak, Izabela Stańczuk.
|
|
250 -Strefa wydania [ , ]
|
-
- a
- Oznaczenie wydania (NP)
- Stan prawny na 1 lutego 2021 r.
|
|
260 -Strefa adresu wydawniczego [ , ]
|
-
- a
- Miejsce wydania (P)
- Warszawa :
-
- b
- Nazwa wydawcy (P)
- Wolters Kluwer,
-
|
|
700 -Hasło dodatkowe - nazwa osobowa [1, ]
|
-
- a
- Nazwa osobowa (NP)
- Chałubińska-Jentkiewicz, Katarzyna.
-
- e
- Określenie rodzaju współpracy
- Autor
-
- e
- Określenie rodzaju współpracy
- Redakcja
-
|
|
700 -Hasło dodatkowe - nazwa osobowa [1, ]
|
-
- a
- Nazwa osobowa (NP)
- Nowikowska, Monika.
-
- e
- Określenie rodzaju współpracy
- Autor
-
- e
- Określenie rodzaju współpracy
- Redakcja
-
|
|
700 -Hasło dodatkowe - nazwa osobowa [1, ]
|
-
- a
- Nazwa osobowa (NP)
- Wąsowski, Krzysztof Andrzej
-
- d
- Daty biograficzne (NP)
- (1973- ).
-
- e
- Określenie rodzaju współpracy
- Redakcja
-
|
|
700 -Hasło dodatkowe - nazwa osobowa [1, ]
|
-
- a
- Nazwa osobowa (NP)
- Ciesielski, Maciej
-
- c
- Dopowiedzenie inne niż daty biograficzne (NP)
- (socjologia).
-
- e
- Określenie rodzaju współpracy
- Autor
-
|
|
700 -Hasło dodatkowe - nazwa osobowa [1, ]
|
-
- a
- Nazwa osobowa (NP)
- Dela, Piotr.
-
- e
- Określenie rodzaju współpracy
- Autor
-
|
|
700 -Hasło dodatkowe - nazwa osobowa [1, ]
|
-
- a
- Nazwa osobowa (NP)
- Karpiuk, Mirosław.
-
- e
- Określenie rodzaju współpracy
- Autor
-
|
|
700 -Hasło dodatkowe - nazwa osobowa [1, ]
|
-
- a
- Nazwa osobowa (NP)
- Kościński, Karol.
-
- e
- Określenie rodzaju współpracy
- Autor
-
|
|
700 -Hasło dodatkowe - nazwa osobowa [1, ]
|
-
- a
- Nazwa osobowa (NP)
- Radoniewicz, Filip
-
- d
- Daty biograficzne (NP)
- (1983- ).
-
- e
- Określenie rodzaju współpracy
- Autor
-
|
|
700 -Hasło dodatkowe - nazwa osobowa [1, ]
|
-
- a
- Nazwa osobowa (NP)
- Sobczak, Jacek
-
- d
- Daty biograficzne (NP)
- (1946- ).
-
- e
- Określenie rodzaju współpracy
- Autor
-
|
|
700 -Hasło dodatkowe - nazwa osobowa [1, ]
|
-
- a
- Nazwa osobowa (NP)
- Bieniek, Otylia.
-
- e
- Określenie rodzaju współpracy
- Autor
-
|
|
700 -Hasło dodatkowe - nazwa osobowa [1, ]
|
-
- a
- Nazwa osobowa (NP)
- Stańczuk, Izabela.
-
- e
- Określenie rodzaju współpracy
- Autor
-
|
|
710 -Hasło dodatkowe - nazwa ciała zbiorowego [2, ]
|
-
- a
- Nazwa ciała zbiorowego lub nazwa geograficzna jako pierwszy element (NP)
- Wolters Kluwer Polska.
-
- e
- Rodzaj współpracy
- Wydawca
-
-
|